000 00587nam a2200169 a 4500
008 120416s1974 xx |||||||||||||| || u
050 _aHC 110.I5 Pet
100 _aPeterson, Wallace C
245 1 0 _aIncome, employment, and economic growth
246 _aan intermediate text in aggregate economic analysis
250 _a3rd ed.
260 _a
_bNorton
_c1974
350 _a0.00
650 0 _aECONOMICS
650 _aECONOMIC GROWTH
995 _D0.00
_FCBU-MAIN LIBRARY (Kitwe)
_H1
_I6.75
_M1
_UDAMAGED
_ZMain Library Open Access Collection
999 _c46587
_d46587